Islam As I Came To Know It ,Areligion Of Mercy And Peace / (Record no. 3469)
[ view plain ]
| 000 -LEADER | |
|---|---|
| fixed length control field | 00986nac a22002171u 4500 |
| 020 ## - INTERNATIONAL STANDARD BOOK NUMBER | |
| International Standard Book Number | 9981262889 |
| 082 ## - DEWEY DECIMAL CLASSIFICATION NUMBER | |
| Classification number | 297.05 |
| Item number | Sa329 |
| 090 ## - LOCALLY ASSIGNED LC-TYPE CALL NUMBER (OCLC); LOCAL CALL NUMBER (OCLC) | |
| -- | 3469 |
| -- | 3469 |
| 100 ## - MAIN ENTRY--PERSONAL NAME | |
| Personal name | Salhab, Nasri. |
| 245 ## - TITLE STATEMENT | |
| Title | Islam As I Came To Know It ,Areligion Of Mercy And Peace / |
| Statement of responsibility, etc | Nasri Salhab; Translated By Ali Azeriah. |
| 260 ## - PUBLICATION, DISTRIBUTION, ETC. (IMPRINT) | |
| Place of publication, distribution, etc | Morocco: |
| Name of publisher, distributor, etc | Publications Of The Islamic Educational, Scientific And Cultural Orgnization,C.2001. |
| Date of publication, distribution, etc | C.2001. |
| 300 ## - PHYSICAL DESCRIPTION | |
| Extent | 147p; |
| Dimensions | 15cm. |
| 500 ## - GENERAL NOTE | |
| General note | Donations. |
| 500 ## - GENERAL NOTE | |
| General note | Donations - Bibliotheca Alexandrina. |
| 500 ## - GENERAL NOTE | |
| General note | Title In English, Arabic and French. |
| 650 ## - SUBJECT ADDED ENTRY--TOPICAL TERM | |
| Topical term or geographic name as entry element | Islam. |
| 700 ## - ADDED ENTRY--PERSONAL NAME | |
| Personal name | Azeriah, Ali. |
| 942 ## - ADDED ENTRY ELEMENTS (KOHA) | |
| Item type | Book - Borrowing |
| Call number prefix | 297.05 Sa329 |
| Withdrawn status | Item status | Source of classification or shelving scheme | Damaged status | Not for loan | Home library | Current library | Shelving location | Date acquired | Source of acquisition | Total Checkouts | Total Renewals | Full call number | Barcode | Date last seen | Date last borrowed | Koha item type |
|---|---|---|---|---|---|---|---|---|---|---|---|---|---|---|---|---|
| Dewey Decimal Classification | Central Library | Central Library | Lower Floor | 17/04/2007 | Purchase | 4 | 89 | 297.05 SAL | 000030031 | 15/07/2025 | 20/02/2013 | Book - Borrowing | ||||
| Dewey Decimal Classification | Central Library | Central Library | Lower Floor | 17/04/2007 | Purchase | 3 | 7 | 297.05 SAL | 000030032 | 15/07/2025 | 17/04/2024 | Book - Borrowing |